[Event "XXIV Festival A"]
[Site "Arco ITA"]
[Date "2002.10.21"]
[Round "4"]
[White "Egger, Martin"]
[Black "Cetkovic, Sergio"]
[Result "1-0"]
[WhiteElo "2006"]
[BlackElo "2131"]
[PlyCount "51"]
[EventDate "2002.10.18"]

1. Nf3 Nf6 2. g3 d5 3. Bg2 c6 4. O-O g6 5. d3 Bg7 6. Nbd2 O-O 7. e4 e6 8. Re1
a5 9. e5 Nfd7 10. Nf1 Qc7 11. Bf4 c5 12. h4 Nc6 13. Qe2 b6 14. N1h2 Ba6 15. g4
a4 16. a3 Rac8 17. g5 Ne7 18. Ng4 Nf5 19. Qd2 Bb7 20. Nf6+ Kh8 21. Bh3 Bxf6 22.
gxf6 d4 23. Bh6 Bxf3 24. Bxf5 exf5 25. Bg7+ Kg8 26. Qh6 1-0

[Event "XXIV Festival A"]
[Site "Arco ITA"]
[Date "2002.10.21"]
[Round "4"]
[White "Fontanari, Maurizio"]
[Black "Benaglia, Giovanni"]
[Result "1/2-1/2"]
[WhiteElo "2034"]
[BlackElo "1801"]
[PlyCount "101"]
[EventDate "2002.10.18"]

1. d4 e6 2. Nf3 f5 3. g3 Nf6 4. Bg2 Be7 5. Ne5 d6 6. Nd3 c6 7. Nc3 d5 8. O-O
O-O 9. f3 Na6 10. Be3 b5 11. a3 b4 12. axb4 Nxb4 13. Ne5 Nd7 14. Na4 Nxe5 15.
dxe5 Na6 16. f4 g5 17. c3 gxf4 18. gxf4 Kh8 19. b4 Rg8 20. Kh1 Qf8 21. Rf3 c5
22. bxc5 Nxc5 23. Nb6 Rb8 24. Nxc8 Rxc8 25. Rxa7 Ne4 26. Bd4 Bc5 27. Ra1 Qg7
28. Qg1 Nxc3 29. Rg3 Bxd4 30. e3 Ne2 31. Rxg7 Nxg1 32. Rxg8+ Kxg8 33. exd4 Ne2
34. Bf1 Nxf4 35. Bb5 Rc2 36. h4 Rd2 37. Ra4 Kf7 38. Bd7 Kg6 39. Bxe6 Nxe6 40.
Ra6 Kh5 41. Rxe6 Rxd4 42. Rd6 Rxh4+ 43. Kg2 Rd4 44. e6 Kg6 45. e7+ Kf7 46. Re6
Ke8 47. Re5 Re4 48. Rxd5 f4 49. Kf3 Rxe7 50. Kxf4 Rg7 51. Rg5 1/2-1/2

[Event "XXIV Festival A"]
[Site "Arco ITA"]
[Date "2002.10.21"]
[Round "4"]
[White "Gerstl, Karl"]
[Black "Di Lascio, Savino"]
[Result "0-1"]
[WhiteElo "1837"]
[BlackElo "1864"]
[PlyCount "120"]
[EventDate "2002.10.18"]

1. e4 c6 2. d4 d5 3. Nc3 dxe4 4. Nxe4 Nf6 5. Ng3 h5 6. Bc4 h4 7. Nf1 e5 8. dxe5
Qxd1+ 9. Kxd1 Ng4 10. Be3 Nxe5 11. Be2 Bf5 12. Nd2 Nbd7 13. h3 O-O-O 14. a4 Bc5
15. Bxc5 Nxc5 16. Kc1 Rhe8 17. Ngf3 Ng6 18. Bc4 Re7 19. Ra3 Rde8 20. b4 Nxa4
21. Rxa4 b5 22. Nd4 Bd7 23. Ra3 Re1+ 24. Rxe1 Rxe1+ 25. Kb2 bxc4 26. Nxc4 Kb8
27. Na5 Ne5 28. Rc3 Rf1 29. g3 Rxf2 30. gxh4 Rf4 31. Naxc6+ Nxc6 32. Nxc6+ Bxc6
33. Rxc6 Rxb4+ 34. Kc1 Rxh4 35. Rc3 Rd4 36. Rg3 g6 37. c3 Rf4 38. Kd2 Kc7 39.
Ke3 Rf5 40. Kd4 Kc6 41. Kd3 Kc5 42. Kc2 g5 43. Re3 f6 44. Kb3 Rf4 45. Rg3 a5
46. Re3 Kd5 47. Ka3 a4 48. Rg3 Ke5 49. Re3+ Kf5 50. Rd3 Rc4 51. Kb2 Kf4 52. Ka2
f5 53. Kb2 g4 54. hxg4 fxg4 55. Rd8 Kf3 56. Rf8+ Kg2 57. Kc2 g3 58. Kd3 Rh4 59.
c4 Kh2 60. c5 g2 0-1

[Event "XXIV Festival A"]
[Site "Arco ITA"]
[Date "2002.10.21"]
[Round "4"]
[White "Haldemann, Paul"]
[Black "Fuggetta, Leonardo"]
[Result "1/2-1/2"]
[WhiteElo "2205"]
[BlackElo "2055"]
[PlyCount "82"]
[EventDate "2002.10.18"]

1. d4 d6 2. e4 Nf6 3. Nc3 Nbd7 4. Nf3 e5 5. Be2 Be7 6. h3 h6 7. Be3 c6 8. a4
Qc7 9. Qd2 a5 10. O-O Nf8 11. Nh4 g5 12. Nf5 Bxf5 13. exf5 N8d7 14. Rad1 Rd8
15. Rfe1 Nh7 16. g4 O-O 17. Kg2 d5 18. dxe5 Nxe5 19. f4 Nc4 20. Bxc4 dxc4 21.
Qf2 Rxd1 22. Rxd1 Qb8 23. fxg5 hxg5 24. Bd4 Bf6 25. Bxf6 Nxf6 26. Qe3 Nh7 27.
Rd4 Re8 28. Re4 Rxe4 29. Qxe4 b5 30. axb5 cxb5 31. Nd5 Qd6 32. c3 Nf6 33. Nxf6+
Qxf6 34. Qe8+ Kg7 35. Qxb5 Qd6 36. Qxc4 Qd2+ 37. Kf3 Qxb2 38. Qd4+ Kh7 39. Qf6
Qb3 40. h4 gxh4 41. g5 Qd5+ 1/2-1/2

[Event "XXIV Festival A"]
[Site "Arco ITA"]
[Date "2002.10.21"]
[Round "4"]
[White "Ivanov, Mikhail M."]
[Black "Lommers, Frank"]
[Result "1-0"]
[WhiteElo "2456"]
[BlackElo "2212"]
[PlyCount "101"]
[EventDate "2002.10.18"]

1. d4 Nf6 2. Bg5 Ne4 3. Bf4 c5 4. d5 e6 5. Nf3 exd5 6. Qxd5 Nf6 7. Qd1 d5 8. e3
Be7 9. c4 O-O 10. Nc3 Be6 11. Be2 Nc6 12. O-O h6 13. Qa4 Qa5 14. Qxa5 Nxa5 15.
cxd5 Nxd5 16. Nxd5 Bxd5 17. Rfd1 Be6 18. Be5 Nc6 19. Bc3 Rfd8 20. Nd2 Nb4 21.
a3 Nd5 22. Be5 Bf6 23. Nf3 Bg4 24. Bxf6 Nxf6 25. Bc4 Re8 26. Rac1 Rac8 27. Kf1
a6 28. a4 Be6 29. a5 Kf8 30. b3 Ke7 31. Ne5 Ne4 32. Nd3 Red8 33. Ke2 Ng5 34. h4
Bxc4 35. Rxc4 Ne6 36. Rdc1 b5 37. axb6 Rb8 38. Nxc5 Nxc5 39. Rxc5 Rxb6 40. Rc7+
Rd7 41. Rxd7+ Kxd7 42. Rc3 Rb4 43. g3 Kd6 44. Kf3 f5 45. h5 a5 46. Ke2 Rg4 47.
Rc8 Rg5 48. Ra8 f4 49. gxf4 Rxh5 50. Ra7 Rb5 51. Rxg7 1-0

[Event "XXIV Festival A"]
[Site "Arco ITA"]
[Date "2002.10.21"]
[Round "4"]
[White "Ketzscher, Roland"]
[Black "Ricci, Alfredo"]
[Result "1-0"]
[WhiteElo "2197"]
[BlackElo "2048"]
[PlyCount "59"]
[EventDate "2002.10.18"]

1. d4 Nf6 2. c4 g6 3. Nc3 d5 4. Nf3 c6 5. e3 Bg7 6. Be2 O-O 7. O-O Nbd7 8. Qb3
Nb6 9. cxd5 cxd5 10. Ne5 Be6 11. a4 Rb8 12. a5 Nbd7 13. Nd3 Ne4 14. Nxd5 b6 15.
N3f4 bxa5 16. Qa3 Bxd5 17. Nxd5 Ndc5 18. Bc4 e6 19. Nc3 Rb4 20. Ba2 Qh4 21.
dxc5 Be5 22. f4 Bc7 23. Nxe4 Rxe4 24. Bb1 Rb4 25. Bd2 Rbb8 26. Bxa5 Bxa5 27.
Qxa5 Rxb2 28. Be4 f5 29. Bf3 g5 30. Qc3 1-0

[Event "XXIV Festival A"]
[Site "Arco ITA"]
[Date "2002.10.21"]
[Round "4"]
[White "Lovati, Paolo"]
[Black "Zucchelli, Massimo"]
[Result "0-1"]
[WhiteElo "2097"]
[BlackElo "2193"]
[PlyCount "152"]
[EventDate "2002.10.18"]

1. c4 e6 2. Nf3 Nf6 3. g3 d5 4. b3 c6 5. Bg2 Nbd7 6. Bb2 Bd6 7. O-O O-O 8. d3
Re8 9. Nc3 Qe7 10. a3 a5 11. Re1 e5 12. Nh4 Nb6 13. cxd5 Nbxd5 14. Nb1 Bc5 15.
e3 Bg4 16. Qc2 Nd7 17. Nd2 Bb6 18. Nc4 Bc7 19. e4 N5b6 20. Ne3 Be6 21. d4 exd4
22. Bxd4 Be5 23. Bxe5 Nxe5 24. f4 Ng4 25. Qc3 Nxe3 26. Qxe3 Qc7 27. f5 Bd7 28.
f6 Nd5 29. Qg5 Nxf6 30. e5 Nd5 31. Rad1 Be6 32. Nf5 Bxf5 33. Qxf5 Rad8 34. e6
fxe6 35. Rxe6 Rf8 36. Qg5 h6 37. Qe5 Qxe5 38. Rxe5 Nf6 39. Rxd8 Rxd8 40. Re7
Rd7 41. Re2 Kf8 42. Bh3 Rd3 43. Rb2 Ke7 44. Kf1 Nd5 45. Ke2 Rc3 46. Bg2 b5 47.
Kd2 b4 48. axb4 axb4 49. Be4 Kd6 50. Bd3 Ke5 51. Ke2 Nf6 52. Bc4 Ng4 53. Ke1
Rc1+ 54. Ke2 Nxh2 55. Ra2 Ng4 56. Ra7 Kf6 57. Rf7+ Kg6 58. Re7 Rc3 59. Re6+ Kg5
60. Rxc6 Rxg3 61. Rb6 h5 62. Rxb4 h4 63. Bd5 h3 64. Rb7 g6 65. b4 h2 66. b5 Rg1
67. Kd3 h1=Q 68. Bxh1 Rxh1 69. b6 Kf5 70. Kc4 Rb1 71. Kc5 Ne5 72. Ra7 Rc1+ 73.
Kb5 Nc4 74. b7 Nd6+ 75. Kb6 Rb1+ 76. Kc6 Nxb7 0-1

[Event "XXIV Festival A"]
[Site "Arco ITA"]
[Date "2002.10.21"]
[Round "4"]
[White "Molnar, Bela"]
[Black "Sedina, Elena"]
[Result "1/2-1/2"]
[WhiteElo "2404"]
[BlackElo "2428"]
[PlyCount "43"]
[EventDate "2002.10.18"]

1. e4 e6 2. d4 d5 3. Nc3 Bb4 4. e5 Ne7 5. a3 Bxc3+ 6. bxc3 c5 7. Qg4 Qc7 8. Bd3
c4 9. Be2 Nf5 10. Nf3 Qa5 11. Bd2 Nc6 12. O-O Bd7 13. Rfb1 O-O-O 14. a4 f6 15.
h4 h5 16. Qf4 Nce7 17. Rb4 Ng6 18. Qh2 Bc6 19. Rab1 Qc7 20. Ra1 Qa5 21. Rab1
Qc7 22. Ra1 1/2-1/2

[Event "XXIV Festival A"]
[Site "Arco ITA"]
[Date "2002.10.21"]
[Round "4"]
[White "Okkes, Menno"]
[Black "Kloster, Josef"]
[Result "1-0"]
[WhiteElo "2297"]
[BlackElo "2164"]
[PlyCount "81"]
[EventDate "2002.10.18"]

1. e4 e5 2. Nc3 Nf6 3. Bc4 Bc5 4. d3 d6 5. f4 Bxg1 6. Rxg1 Bg4 7. Qd2 Nc6 8. f5
d5 9. Nxd5 Nxd5 10. Bxd5 Nd4 11. Qf2 c6 12. Bb3 f6 13. Be3 Qa5+ 14. Bd2 Qb6 15.
Bc3 Nxb3 16. axb3 Qxf2+ 17. Kxf2 a6 18. h3 Bh5 19. g4 Bf7 20. g5 Rg8 21. Rg3
fxg5 22. Rxg5 g6 23. f6 Be6 24. Rg3 Kf7 25. Bxe5 Rge8 26. Bc3 Rad8 27. Rf3 Bc8
28. Bb4 Re5 29. Be7 Re8 30. Re1 Rh5 31. Kg2 Rg5+ 32. Rg3 Rxg3+ 33. Kxg3 Be6 34.
d4 Rc8 35. h4 h5 36. Kf4 Rc7 37. Re3 Rd7 38. Rd3 Bg4 39. c4 Be6 40. d5 cxd5 41.
cxd5 1-0

[Event "XXIV Festival A"]
[Site "Arco ITA"]
[Date "2002.10.21"]
[Round "4"]
[White "Profaizer, Gino"]
[Black "Rudolf, Anna"]
[Result "0-1"]
[WhiteElo "1902"]
[BlackElo "2100"]
[PlyCount "90"]
[EventDate "2002.10.18"]

1. d4 e6 2. c4 Bb4+ 3. Bd2 a5 4. e4 d6 5. Bd3 Nc6 6. Ne2 Bxd2+ 7. Nxd2 e5 8. d5
Nb4 9. Bb1 Qg5 10. a3 Na6 11. O-O Nc5 12. f4 exf4 13. Nxf4 Bg4 14. Qe1 Nf6 15.
h3 Bd7 16. Bc2 a4 17. Qf2 O-O 18. Rae1 Qe5 19. Re3 Rae8 20. Nd3 Nxd3 21. Bxd3
b5 22. Nf3 Qf4 23. g3 Qh6 24. g4 Bxg4 25. Nh4 bxc4 26. Bc2 Bd7 27. Bxa4 Nxe4
28. Qe1 Nf6 29. Nf5 Qg5+ 30. Qg3 Qxg3+ 31. Rxg3 Bxa4 32. Nxg7 Ne4 33. Rg2 Kh8
34. Nxe8 Bxe8 35. Rg4 Rg8 36. Re1 f5 37. Rxg8+ Kxg8 38. Kg2 Kf7 39. Kf3 Kf6 40.
Kf4 Bf7 41. Rd1 c3 42. b4 Bxd5 43. Rxd5 c2 44. Rxf5+ Ke6 45. Kxe4 c1=Q 0-1

[Event "XXIV Festival A"]
[Site "Arco ITA"]
[Date "2002.10.21"]
[Round "4"]
[White "Roberti, Ignazio"]
[Black "Barbafiera, Luigi"]
[Result "0-1"]
[WhiteElo "2032"]
[BlackElo "1867"]
[PlyCount "116"]
[EventDate "2002.10.18"]

1. e4 d6 2. b3 Nf6 3. Nc3 e5 4. Nf3 Be7 5. Bb2 Nc6 6. Be2 O-O 7. O-O Nd4 8.
Nxd4 exd4 9. Nd5 Nxd5 10. exd5 Bf6 11. Bd3 g6 12. Qf3 Be5 13. g3 h5 14. Qg2 Bg7
15. f4 f5 16. Rae1 Bd7 17. Re6 Bxe6 18. dxe6 c6 19. Re1 Re8 20. Qf2 Qc7 21. Kg2
c5 22. Bb5 Re7 23. Kg1 a6 24. Bd7 Rd8 25. a4 Rdxd7 26. exd7 Qxd7 27. d3 Qe8 28.
Rxe7 Qxe7 29. Kf1 d5 30. Qf3 Qe6 31. Ba3 Bf8 32. Kf2 b5 33. axb5 axb5 34. Bb2
Bg7 35. Ba3 b4 36. Bc1 Kf7 37. Bd2 Ke7 38. Qd1 Qb6 39. Qa1 c4 40. Qe1+ Kd7 41.
Bxb4 Bf6 42. bxc4 dxc4 43. Qb1 Be7 44. Qa1 Qxb4 45. Qxd4+ Kc7 46. Qe5+ Qd6 47.
Qa5+ Kd7 48. dxc4 Ke8 49. Qa8+ Kf7 50. Qa7 Qc5+ 51. Qxc5 Bxc5+ 52. Kf3 Bb4 53.
h3 Ke6 54. g4 h4 55. g5 Bd2 56. Ke2 Bxf4 57. Kd3 Be5 58. Ke2 Kd6 0-1

[Event "XXIV Festival A"]
[Site "Arco ITA"]
[Date "2002.10.21"]
[Round "4"]
[White "Scalcione, Michelangelo"]
[Black "Papp, Judit"]
[Result "1-0"]
[WhiteElo "2366"]
[BlackElo "2138"]
[PlyCount "63"]
[EventDate "2002.10.18"]

1. Nf3 Nf6 2. c4 c5 3. d4 cxd4 4. Nxd4 b6 5. f3 Bb7 6. e4 d6 7. Nc3 e6 8. Be3
Be7 9. Qd2 O-O 10. g4 Nc6 11. O-O-O a6 12. g5 Nd7 13. h4 Qc7 14. Kb1 Rac8 15.
g6 Nxd4 16. gxh7+ Kxh7 17. Bxd4 Ne5 18. Qg2 Bf6 19. f4 Nxc4 20. Bxf6 gxf6 21.
Qf3 Rg8 22. Bxc4 Qxc4 23. Rhg1 Rg6 24. f5 exf5 25. Qh5+ Rh6 26. Qxf5+ Kh8 27.
Qg4 Rg6 28. Qf4 Rcg8 29. Rxg6 Rxg6 30. h5 Bxe4+ 31. Nxe4 Qe2 32. Rc1 1-0

[Event "XXIV Festival A"]
[Site "Arco ITA"]
[Date "2002.10.21"]
[Round "4"]
[White "Stinis, Steven"]
[Black "Luciani, Carlo"]
[Result "0-1"]
[WhiteElo "2053"]
[BlackElo "2227"]
[PlyCount "78"]
[EventDate "2002.10.18"]

1. Nc3 e5 2. Nf3 Nc6 3. d4 exd4 4. Nxd4 d6 5. e4 Nf6 6. Bc4 Be7 7. O-O O-O 8.
Re1 Ne5 9. Be2 c5 10. Nf3 Ng6 11. Bc4 Bd7 12. a4 Bc6 13. Bd5 Re8 14. h3 h6 15.
Qd3 Bf8 16. Ne2 Nxe4 17. Nf4 Nxf4 18. Bxf4 Nf6 19. Bxc6 Rxe1+ 20. Rxe1 bxc6 21.
b3 Nd5 22. Bd2 Qd7 23. c4 Ne7 24. Bc3 Ng6 25. Qe4 Rb8 26. Nd2 d5 27. Qd3 Bd6
28. cxd5 cxd5 29. Qa6 Bf4 30. Qd3 Qb7 31. Qf3 Kh7 32. h4 d4 33. Qxb7 Rxb7 34.
Ba5 Bxd2 35. Bxd2 Rxb3 36. h5 Nf8 37. Re7 c4 38. Rxf7 c3 39. Bxc3 dxc3 0-1

[Event "XXIV Festival A"]
[Site "Arco ITA"]
[Date "2002.10.21"]
[Round "4"]
[White "Swinkels, Robin"]
[Black "Bolvary, Tamara"]
[Result "1-0"]
[WhiteElo "2169"]
[BlackElo "1949"]
[PlyCount "79"]
[EventDate "2002.10.18"]

1. e4 c5 2. Nf3 e6 3. d4 cxd4 4. Nxd4 a6 5. Be2 Nf6 6. Nc3 Bb4 7. e5 Ne4 8. Qd3
Qa5 9. O-O Nxc3 10. bxc3 Bxc3 11. Rb1 Bxd4 12. Qxd4 Nc6 13. Qg4 O-O 14. Bb2
Nxe5 15. Qg3 Ng6 16. Ba3 Re8 17. Qd6 Nh4 18. Bd3 Qg5 19. Be4 f5 20. f4 Qg6 21.
Bf3 Nxf3+ 22. Rxf3 b5 23. Rg3 Qf7 24. Bb2 e5 25. Bxe5 g6 26. Rd1 Re6 27. Qd5
Rc6 28. Qxc6 dxc6 29. Rd8+ Qf8 30. Rgd3 Qxd8 31. Rxd8+ Kf7 32. Rh8 c5 33. Rxh7+
Ke6 34. Rg7 Kd5 35. Rxg6 Ke4 36. h4 Bb7 37. h5 Rd8 38. h6 Ke3 39. h7 Bd5 40.
Rd6 1-0

[Event "XXIV Festival A"]
[Site "Arco ITA"]
[Date "2002.10.21"]
[Round "4"]
[White "Trauth, Michael"]
[Black "Giancotti, Eraldo"]
[Result "1-0"]
[WhiteElo "2237"]
[BlackElo "1811"]
[PlyCount "91"]
[EventDate "2002.10.18"]

1. Nf3 e6 2. g3 f5 3. Bg2 Nf6 4. c4 Be7 5. O-O O-O 6. d3 d6 7. Nc3 Nc6 8. Rb1
Qe8 9. b4 Qh5 10. b5 Ne5 11. e3 Neg4 12. h3 e5 13. Nh2 Nxh2 14. Qxh5 Nxh5 15.
Kxh2 Rb8 16. Nd5 Bd8 17. Ba3 b6 18. Nb4 Bb7 19. Bxb7 Rxb7 20. Nc6 g6 21. Rfe1
Nf6 22. f4 e4 23. d4 Nd7 24. Rb4 Bf6 25. Ra4 Re8 26. Rb1 Ra8 27. Rb3 Kf7 28.
Bb4 g5 29. Rba3 gxf4 30. gxf4 Bh4 31. Rxa7 Raxa7 32. Rxa7 Rxa7 33. Nxa7 Nf6 34.
Kg2 Ke6 35. d5+ Nxd5 36. cxd5+ Kxd5 37. Bc3 Kc4 38. Bd4 Kd3 39. a4 Ke2 40. Nc6
Kd3 41. Bxb6 cxb6 42. a5 Kxe3 43. axb6 Kd2 44. b7 e3 45. Nd4 Bf6 46. Nf3+ 1-0

[Event "XXIV Festival A"]
[Site "Arco ITA"]
[Date "2002.10.21"]
[Round "4"]
[White "Valenti, Giuseppe"]
[Black "Maneschi, Giuseppe"]
[Result "1-0"]
[WhiteElo "2230"]
[BlackElo "1800"]
[PlyCount "103"]
[EventDate "2002.10.18"]

1. e4 d6 2. d4 Nf6 3. Bd3 g6 4. f3 Nbd7 5. Ne2 c5 6. c3 a6 7. Be3 b5 8. O-O Bg7
9. Nd2 O-O 10. Kh1 Bb7 11. a4 c4 12. Bc2 Qc7 13. Qe1 e5 14. Qh4 Rfe8 15. d5 Nh5
16. g4 Bf6 17. Qh3 Ng7 18. Ng3 Qd8 19. Qh6 Nf8 20. Rg1 Qd7 21. Raf1 Bc8 22. Ra1
Rb8 23. axb5 axb5 24. Rgb1 Bb7 25. b3 cxb3 26. Rxb3 Ra8 27. Rab1 Ba6 28. Bd3
Rec8 29. Ne2 Rab8 30. c4 bxc4 31. Rxb8 Rxb8 32. Rxb8 cxd3 33. Ng3 Qc7 34. Rb1
Qc2 35. Qh3 Bd8 36. Qf1 Ba5 37. Qc1 Nd7 38. Ngf1 Nb6 39. Ra1 Bc3 40. Bxb6 Bxa1
41. Qxa1 Qc8 42. Ne3 Qb7 43. Qb2 Ne8 44. Nec4 f5 45. gxf5 gxf5 46. Ba5 Qc8 47.
Qc1 Kh8 48. Qc3 fxe4 49. fxe4 Qc5 50. Bb6 Qb5 51. Qxd3 Qxb6 52. Qf3 1-0

[Event "XXIV Festival A"]
[Site "Arco ITA"]
[Date "2002.10.21"]
[Round "4"]
[White "Weinberg, Emanuele"]
[Black "Friedrich, Norbert"]
[Result "1/2-1/2"]
[WhiteElo "1959"]
[BlackElo "2296"]
[PlyCount "105"]
[EventDate "2002.10.18"]

1. d4 Nf6 2. c4 c6 3. Nc3 d5 4. cxd5 cxd5 5. Bf4 Nc6 6. Nf3 a6 7. e3 Bg4 8. h3
Bh5 9. Be2 e6 10. O-O Be7 11. Ne5 Bxe2 12. Nxc6 bxc6 13. Nxe2 O-O 14. Rc1 Qb6
15. Qc2 Rfc8 16. Nc3 Nd7 17. Na4 Qb5 18. Nc3 Qb7 19. Qd2 c5 20. dxc5 Nxc5 21.
Rc2 Rc6 22. Rfc1 Rac8 23. f3 Bf6 24. Bg3 h6 25. Ne2 Qb5 26. Nd4 Bxd4 27. exd4
Nd7 28. Rxc6 Rxc6 29. Rxc6 Qxc6 30. Be1 Nb6 31. Qc3 Qxc3 32. Bxc3 Na4 33. Kf2
Nxc3 34. bxc3 Kf8 35. Ke2 Ke7 36. Kd3 Kd6 37. f4 g6 38. Kc2 Kc6 39. Kb3 Kb5 40.
a4+ Ka5 41. Ka3 Kb6 42. Kb3 Kc6 43. Kb4 Kb6 44. Kb3 a5 45. Kc2 Kc6 46. Kd3 Kd6
47. Ke3 Ke7 48. Kd3 Kd7 49. Ke3 Kd6 50. Kd3 f6 51. Ke2 Ke7 52. Kd3 Kd6 53. Ke2
1/2-1/2

[Event "XXIV Festival A"]
[Site "Arco ITA"]
[Date "2002.10.21"]
[Round "4"]
[White "Ziltener, Werner"]
[Black "Kleibaumhueter, Klaus"]
[Result "0-1"]
[WhiteElo "2047"]
[BlackElo "2184"]
[PlyCount "80"]
[EventDate "2002.10.18"]

1. d4 d5 2. c4 dxc4 3. Nf3 c5 4. e3 e6 5. Bxc4 Nf6 6. O-O a6 7. a4 Nc6 8. Qe2
cxd4 9. Rd1 Be7 10. exd4 O-O 11. Nc3 Nb4 12. Bg5 Re8 13. Ne5 Nfd5 14. Bxe7 Rxe7
15. Ne4 Bd7 16. Ra3 Be8 17. h4 f6 18. Nd3 Nxd3 19. Qxd3 Bg6 20. Qf3 Bxe4 21.
Qxe4 Rc8 22. Ba2 Qd6 23. Bb1 f5 24. Qf3 Rec7 25. Rad3 Rc1 26. R3d2 Qb4 27. Qe2
Nf4 28. Qe1 Rxd1 29. Qxd1 Rd8 30. Kh2 Qd6 31. g3 Nd5 32. Qb3 Qb6 33. Ba2 Qxb3
34. Bxb3 Kf7 35. Rc2 Kf6 36. Kg2 Nb4 37. Rc7 b6 38. Rb7 Rd6 39. Kf3 Nc6 40. Ke3
Na5 0-1

[Event "XXIV Festival A"]
[Site "Arco ITA"]
[Date "2002.10.24"]
[Round "7"]
[White "Ager, Josef"]
[Black "Lovati, Paolo"]
[Result "1/2-1/2"]
[WhiteElo "2223"]
[BlackElo "2097"]
[PlyCount "106"]
[EventDate "2002.10.18"]

1. d4 d6 2. Nf3 Bg4 3. c4 Nd7 4. Nc3 e6 5. e4 Be7 6. Be2 c6 7. O-O Nb6 8. b3
Nf6 9. Be3 O-O 10. a4 a5 11. Qc2 d5 12. e5 Nfd7 13. Nd2 Bf5 14. Qb2 Nb8 15.
Rfc1 Na6 16. c5 Nd7 17. Na2 f6 18. exf6 Bxf6 19. f4 Naxc5 20. Qc3 Ne4 21. Nxe4
Bxe4 22. Qd2 Qe7 23. Nc3 Bg6 24. Ra2 Qb4 25. Rb2 Be7 26. Bf2 Qb6 27. Ra1 Bb4
28. Qe3 Rae8 29. Bf3 Bxc3 30. Qxc3 Rxf4 31. Re2 Qa6 32. Rae1 Be4 33. Bxe4 Rxe4
34. Rxe4 dxe4 35. Rxe4 Nf6 36. Re1 Qa8 37. Bg3 Nd5 38. Qd2 Qd8 39. Be5 Rf8 40.
h3 Ne7 41. b4 b6 42. bxa5 bxa5 43. Rc1 Rf5 44. Rc5 Qb6 45. Kh2 Rf1 46. Rxa5 Qb1
47. Ra8+ Kf7 48. Ra7 Rh1+ 49. Kg3 Qb3+ 50. Kh4 Ke8 51. Rxe7+ Kxe7 52. Qg5+ Ke8
53. Qxg7 Qd3 1/2-1/2

[Event "XXIV Festival A"]
[Site "Arco ITA"]
[Date "2002.10.24"]
[Round "7"]
[White "Aldrovandi, Costantino"]
[Black "Jurkovic, Ante"]
[Result "1/2-1/2"]
[WhiteElo "2413"]
[BlackElo "2340"]
[PlyCount "99"]
[EventDate "2002.10.18"]

1. c4 g6 2. g3 Bg7 3. Bg2 e5 4. Nc3 f5 5. d3 Nf6 6. e4 O-O 7. Nge2 d6 8. O-O
Nbd7 9. Be3 c6 10. h3 Nc5 11. Qd2 Ne6 12. Rad1 f4 13. gxf4 Nh5 14. fxe5 dxe5
15. f4 exf4 16. Nxf4 Nhxf4 17. Rxf4 Nxf4 18. Bxf4 Qh4 19. Bg5 Qg3 20. Ne2 Qf2+
21. Kh1 Bd7 22. d4 Qf7 23. b3 Rae8 24. e5 Kh8 25. c5 Be6 26. Nc3 Qd7 27. Kh2
Rf5 28. Ne4 Ref8 29. Nf6 Bxf6 30. Bxf6+ Kg8 31. Rf1 Rxf1 32. Bxf1 Bd5 33. Bd3
Kf7 34. Qh6 Ke8 35. Qf4 Qe6 36. h4 Rg8 37. Bc2 Kd7 38. h5 Kc7 39. h6 b6 40. Kg3
Kb7 41. Bd3 Qd7 42. Bc2 Be6 43. a4 Bf5 44. Be4 Bxe4 45. Qxe4 Qe6 46. Qf3 Kc7
47. cxb6+ axb6 48. Qc3 Ra8 49. Qb4 Kb7 50. Kh4 1/2-1/2

[Event "XXIV Festival A"]
[Site "Arco ITA"]
[Date "2002.10.24"]
[Round "7"]
[White "Astengo, Corrado"]
[Black "Borgo, Giulio"]
[Result "0-1"]
[WhiteElo "2172"]
[BlackElo "2430"]
[PlyCount "82"]
[EventDate "2002.10.18"]

1. e4 c5 2. Nf3 Nc6 3. d4 cxd4 4. Nxd4 Qb6 5. Nb3 Nf6 6. Nc3 e6 7. Bd3 a6 8.
O-O Qc7 9. Kh1 d6 10. f4 Be7 11. Qf3 Nb4 12. Bd2 Bd7 13. Rae1 O-O 14. Nb5 Bxb5
15. Bxb4 d5 16. Bxe7 dxe4 17. Bxe4 Qxe7 18. Bd3 Bxd3 19. Qxd3 Rfd8 20. Qf3 a5
21. c3 Rd5 22. Nd4 Qd7 23. Re2 Rd8 24. Rfe1 b5 25. a3 b4 26. axb4 axb4 27. h3
g6 28. Re5 bxc3 29. bxc3 Rc8 30. R5e3 Qc7 31. Rb1 Rd7 32. Ne2 Qc4 33. Rb2 Rd1+
34. Kh2 Qd5 35. Qxd5 Nxd5 36. Rf3 Rc4 37. Kg3 h5 38. Rc2 Kg7 39. h4 Ne7 40. Rf2
Nf5+ 41. Kh3 Rh1# 0-1

[Event "XXIV Festival A"]
[Site "Arco ITA"]
[Date "2002.10.24"]
[Round "7"]
[White "Barbafiera, Luigi"]
[Black "Ruzzier, Dario"]
[Result "1-0"]
[WhiteElo "1867"]
[BlackElo "1996"]
[PlyCount "101"]
[EventDate "2002.10.18"]

1. d4 d5 2. c4 e6 3. Nc3 c5 4. cxd5 exd5 5. Nf3 Nc6 6. g3 Nf6 7. Bg2 Be7 8. O-O
O-O 9. Bg5 cxd4 10. Nxd4 h6 11. Nxc6 bxc6 12. Be3 Re8 13. Bd4 Bg4 14. Qc2 Bb4
15. e3 Qd6 16. a3 Ba5 17. Na4 Bc7 18. Rac1 Bd7 19. Nc5 Bc8 20. Qc3 Ng4 21. Nd3
Ba6 22. Rfd1 Bb5 23. Nc5 Ne5 24. a4 Be2 25. Rd2 Nf3+ 26. Bxf3 Bxf3 27. Nd3 Qe6
28. Ne1 Be4 29. Qxc6 Bd6 30. Qa6 Rec8 31. Bc3 h5 32. Qe2 Bg6 33. Rcd1 Rc5 34.
Qf3 Be4 35. Qe2 Bf5 36. Bb4 Rc6 37. Bxd6 Rxd6 38. Rd4 Rad8 39. R1d2 Bg4 40. f3
Bf5 41. Ng2 g5 42. h4 g4 43. Nf4 gxf3 44. Qxf3 Qe5 45. Rxd5 Rxd5 46. Rxd5 Rxd5
47. Nxd5 Kf8 48. Nc3 Bg4 49. Qf4 Qc5 50. Qd4 Qc7 51. Qh8+ 1-0

[Event "XXIV Festival A"]
[Site "Arco ITA"]
[Date "2002.10.24"]
[Round "7"]
[White "Bondielli, Giorgio"]
[Black "Friedrich, Norbert"]
[Result "0-1"]
[WhiteElo "2006"]
[BlackElo "2296"]
[PlyCount "118"]
[EventDate "2002.10.18"]

1. e4 c5 2. d4 cxd4 3. c3 Nf6 4. e5 Nd5 5. cxd4 d6 6. Nf3 e6 7. Bc4 Nb6 8. Bb3
dxe5 9. dxe5 Qxd1+ 10. Bxd1 Bd7 11. O-O Nc6 12. Nc3 Rc8 13. Be2 Nb4 14. Be3 Nc2
15. Rac1 Nxe3 16. fxe3 Be7 17. Nb5 O-O 18. Nd6 Bxd6 19. exd6 f6 20. Nd4 Rxc1
21. Rxc1 Rc8 22. Rc7 Rxc7 23. dxc7 Nd5 24. Nb5 a6 25. Nd6 Nxc7 26. Nxb7 Kf7 27.
Nc5 Bb5 28. Kf2 Ke7 29. a4 Bxe2 30. Kxe2 Kd6 31. b4 Kc6 32. Kd3 a5 33. Kc4 axb4
34. e4 e5 35. Kxb4 Ne8 36. a5 Nc7 37. Kc4 Ne8 38. a6 Nd6+ 39. Kb4 Kb6 40. Ne6
Nxe4 41. Nxg7 Nd6 42. a7 Kxa7 43. Kc5 e4 44. Kd4 Kb6 45. Nh5 f5 46. Ng3 Kc6 47.
Nxf5 Nxf5+ 48. Kxe4 Nh6 49. Kf4 Kd6 50. Kg5 Ng8 51. Kf5 Ke7 52. g4 Kf7 53. h4
Kg7 54. Kg5 Ne7 55. Kh5 Ng6 56. g5 Ne5 57. g6 hxg6+ 58. Kg5 Nf7+ 59. Kg4 Kf6
0-1

[Event "XXIV Festival A"]
[Site "Arco ITA"]
[Date "2002.10.24"]
[Round "7"]
[White "Dervishi, Erald"]
[Black "Godena, Michele"]
[Result "1/2-1/2"]
[WhiteElo "2513"]
[BlackElo "2506"]
[PlyCount "83"]
[EventDate "2002.10.18"]

1. e4 e5 2. Nf3 Nc6 3. Bb5 Nf6 4. O-O Nxe4 5. d4 Nd6 6. Bxc6 dxc6 7. dxe5 Ne4
8. Qxd8+ Kxd8 9. Re1 Nc5 10. Be3 Bf5 11. Nd4 Bg6 12. Nc3 Ke8 13. Nce2 Ne6 14.
c3 a6 15. Nf4 Nxf4 16. Bxf4 c5 17. Ne2 Bf5 18. Be3 h5 19. Rad1 Be6 20. a3 Bb3
21. Rd2 Rd8 22. Nf4 Rxd2 23. Bxd2 Kd7 24. h4 Be7 25. g3 g6 26. Nh3 Rd8 27. Ng5
Ke8 28. Ne4 Bd5 29. Nf6+ Bxf6 30. exf6+ Be6 31. Bf4 Rd7 32. f3 Kd8 33. Kf2 Rd5
34. Rg1 a5 35. g4 Kd7 36. Ke3 c4 37. Rg2 Rd3+ 38. Ke2 Bd5 39. Be3 hxg4 40. Rxg4
Be6 41. Rg5 Rd6 42. f4 1/2-1/2

[Event "XXIV Festival A"]
[Site "Arco ITA"]
[Date "2002.10.24"]
[Round "7"]
[White "Di Lascio, Savino"]
[Black "Profaizer, Gino"]
[Result "0-1"]
[WhiteElo "1864"]
[BlackElo "1902"]
[PlyCount "120"]
[EventDate "2002.10.18"]

1. Nf3 d5 2. g3 c5 3. Bg2 Nc6 4. O-O Nf6 5. d3 e6 6. Nbd2 Be7 7. a4 O-O 8. c3
a6 9. Qc2 Rb8 10. e4 b5 11. exd5 exd5 12. Nb3 b4 13. Bf4 Bd6 14. Bxd6 Qxd6 15.
cxb4 cxb4 16. Rfc1 Ne5 17. Nfd4 Bd7 18. Qd2 Rbc8 19. Re1 Rfe8 20. h3 h6 21. g4
Ng6 22. Rxe8+ Rxe8 23. Nc2 Nf4 24. Bf1 g5 25. Nbd4 a5 26. Ne3 h5 27. Nef5 Bxf5
28. Nxf5 Qe5 29. d4 Qe6 30. f3 hxg4 31. hxg4 Qb6 32. Qh2 Nd7 33. Bb5 Ne5 34.
Rf1 Re6 35. Kh1 Nc4 36. b3 Ne3 37. Rc1 Qd8 38. Nh6+ Kg7 39. Nxf7 Kxf7 40. Qh7+
Kf6 41. Rc7 Qf8 42. Bc6 Re7 43. Rxe7 Qxe7 44. Qh8+ Ke6 45. Be8 Kd6 46. Qh6+ Qe6
47. Qf8+ Kc7 48. Qg7+ Kd8 49. Bb5 Ng6 50. Qa7 Nd1 51. Qxa5+ Ke7 52. Qxb4+ Kf6
53. Qd2 Ne3 54. Qa5 Kg7 55. Qc7+ Kh6 56. Bd3 Qf6 57. Qg3 Qxd4 58. Bxg6 Qd1+ 59.
Qg1 Qxf3+ 60. Kh2 Nf1+ 0-1